000 01582cam a22004574i 4500
003 PE-LiUPU
005 20250731184542.0
008 150623s1977 nyu r 000 0 eng d
020 _a0385230311
035 _a(Sirsi) i9780385230315
040 _aPE-LiUPU
_bspa
_cPE-LiUPU
_erda
049 _aPRUA
082 0 4 _a901
_bC76
_221
100 1 _aCopleston, Frederick Charles,
_q(Frederick Charles),
_d1907-1994.
_eautor.
245 1 2 _aA history of philosophy.
_n1, 2, 3 /
_cFrederick Charles Coplesto.
264 1 _aNew York :
_bAn Image Book,
_c1977.
300 _a479 páginas ;
_c21 centímetros
336 _atext
_2rdacontent
337 _aunmediated
_2rdamedia
338 _avolume
_2rdacarrier
500 _aEncuadernado con: vol. 2 Agustine, 354-430 to Scotus John Eriugena, 810-877.-vol. 3 Ockham Wilhem de ca. 1349 to Suárez.
505 0 _aPre-Socratic philosophy -- The socratic period -- Plato. Aristotle -- Post-aristotelian philosophy.
526 _aP136
526 _aP135
526 _aP134
526 _aP133
526 _aP144
526 _aP143
526 _aP87
526 _aP35
526 _aP20
526 _aP14
526 _aP10
526 _aP06
650 1 4 _aFilosofía
_xHistoria.
942 _2ddc
_cBOOK
994 _aC0
_bPEPRU
596 _a1
999 _a901 C76 I, II, III
_wDEWEY
_c33235
_i51512
_f2021-11-11
_g5
_lCCODEBUL1
_mBUL
_p10.00
_r0
_sY
_tBOOK
_u2015-6-24
_xTEOLOGIA
_PP35
_0COMPRA
_o.STAFF. Colección Teología
_d33235
980 _81
_gALBERTO SANCHEZ Responsable de Automatización